<?xml version="1.0" encoding="UTF-8"?><?xml-stylesheet type="text/xsl" href="static/style.xsl"?><OAI-PMH xmlns="http://www.openarchives.org/OAI/2.0/" xmlns:xsi="http://www.w3.org/2001/XMLSchema-instance" xsi:schemaLocation="http://www.openarchives.org/OAI/2.0/ http://www.openarchives.org/OAI/2.0/OAI-PMH.xsd"><responseDate>2026-05-11T23:45:38Z</responseDate><request verb="GetRecord" identifier="oai:riubu.ubu.es:10259/7800" metadataPrefix="marc">https://riubu.ubu.es/oai/request</request><GetRecord><record><header><identifier>oai:riubu.ubu.es:10259/7800</identifier><datestamp>2023-09-09T22:00:53Z</datestamp><setSpec>com_10259_2699</setSpec><setSpec>col_10259_2727</setSpec></header><metadata><record xmlns="http://www.loc.gov/MARC21/slim" xmlns:doc="http://www.lyncode.com/xoai" xmlns:xsi="http://www.w3.org/2001/XMLSchema-instance" xmlns:dcterms="http://purl.org/dc/terms/" xsi:schemaLocation="http://www.loc.gov/MARC21/slim http://www.loc.gov/standards/marcxml/schema/MARC21slim.xsd">
<leader>00925njm 22002777a 4500</leader>
<datafield tag="042" ind1=" " ind2=" ">
<subfield code="a">dc</subfield>
</datafield>
<datafield tag="720" ind1=" " ind2=" ">
<subfield code="a">Díaz Cabrera, Sandra</subfield>
<subfield code="e">author</subfield>
</datafield>
<datafield tag="260" ind1=" " ind2=" ">
<subfield code="c">2022</subfield>
</datafield>
<datafield tag="520" ind1=" " ind2=" ">
<subfield code="a">La relevancia de los compuestos heterocíclicos en áreas como la química orgánica o biológica&#xd;
hace que su estudio constituya un campo muy activo dentro de la química actual. En este&#xd;
contexto, el eje central de la presente Tesis Doctoral ha sido el estudio de derivados&#xd;
poliheterocíclicos conjugados, desde su síntesis al estudio de sus propiedades y su aplicación en&#xd;
distintas áreas. La tesis se ha estructurado en tres capítulos:&#xd;
En el primero, “Roseophilin derivatives”, se detalla la síntesis de nuevos compuestos, de tipo&#xd;
tambjamina y prodigiosina, basados en el núcleo del producto natural roseofilina. Estudio que&#xd;
ha permitido estudiar por primera vez la actividad anionofórica de sistemas con núcleo pirrolilfurano.&#xd;
En el segundo capítulo, denominado “Compuestos tetra(hetero)arílicos”, se han puesto a punto&#xd;
nuevas rutas sintéticas, basadas en la autocondensación de aldehídos pirrólicos, para la&#xd;
obtención de dipirrometenos simétricos α-sustituidos. Este capítulo se completa con el estudio&#xd;
de las propiedades fotofísicas y anionofóricas de estos sistemas, lo que ha permitido determinar&#xd;
la influencia de la sustitución en dichas propiedades.&#xd;
El tercer capítulo, “Derivados BODIPY”, se centra en el desarrollo de nuevas metodologías&#xd;
sintéticas para la obtención de meso-H BODIPYs 3,5-sustituidos. Además, para los BODIPYs&#xd;
sintetizados se han estudiado sus propiedades fotofísicas y espectroelectroquímicas,&#xd;
determinando especialmente cómo influyen los efectos electrónicos en ellas. Finalmente, se ha&#xd;
llevado a cabo el estudio de autoensamblaje supramolecular de BODIPYs con geometría angular,&#xd;
tratando de elucidar el mecanismo de agregación de estos sistemas y sus propiedades.</subfield>
</datafield>
<datafield tag="520" ind1=" " ind2=" ">
<subfield code="a">Heterocyclic compounds represent key players in modern chemistry because of their&#xd;
relevance in many areas of organic and biological chemistry. This PhD dissertation is focused on&#xd;
the development of different synthetic methodologies to obtain conjugated polyheterocyclic&#xd;
derivatives, which contain pyrrole and furan units in their structures, as well as studying their&#xd;
properties and applications in different areas, such as the anions transport across lipid&#xd;
membranes or the preparation of fluorophores.&#xd;
Taking the natural product rosephilin as an inspiration, the first chapter of the dissertation&#xd;
details the results in the synthesis of compounds by mimicking this type of structure, with the&#xd;
final aim of evaluating the anionophore activity of these products in lipid vesicle models. Thus,&#xd;
it was determined the influence of the introduction of several heterocyclic rings at different&#xd;
molecular positions on their anionophoric activity. Additionally, these studies were extended to&#xd;
other compounds inspired by the structure of other alkaloids such as the tambjamines.&#xd;
Chapters two and three of this dissertation have been focused on the synthesis and study of&#xd;
different -functionalized dipyrromethenic compounds. Dipyrromethenes are complex&#xd;
chromophoric systems with interesting properties and precursors of BODIPY-type fluorophores&#xd;
(4,4-difluoro-4-bora-3a, 4a-diaza-s-indacenes).&#xd;
Thereby, in the second chapter, two synthetic routes were designed, based on the selfcondensation of pyrrolic aldehydes, to obtain -substituted symmetric dipyrromethenes. The&#xd;
products obtained proved to have good photophysical properties, tunable through structural&#xd;
variations of the compounds, modifying their protonation state and by the effect of the&#xd;
concentration or the solvent. In addition, the anionophore activity of some of them was also&#xd;
demonstrated.&#xd;
On the other hand, the third chapter of the report has been oriented to the development of&#xd;
new methodologies for obtaining 3,5-substituted meso-H BODIPYs. First, the complexation&#xd;
reaction of -prefunctionalized dipyrromethenes was studied to obtain BODIPYs with groups of&#xd;
different nature in the C3/C5 positions. In addition, the scope of cross-coupling and nucleophilic&#xd;
aromatic substitution (SNAr) reactions was explored as strategies for the post-functionalization&#xd;
of BODIPYs through the derivatization of a 3,5-dibromo BODIPY. Thus, the use of cross-coupling&#xd;
reactions allowed to maximize the overall yield of the corresponding BODIPYs with respect to&#xd;
the prefunctionalization methodologies. On the other hand, the combination of SNAr with&#xd;
copper(I)-catalyzed azide alkyne cycloaddition (CuAAC) reactions facilitated the access to&#xd;
different regioisomers of symmetric click-BODIPYs. Likewise, by using amines as nucleophiles,&#xd;
asymmetric amino-BODIPYs, precursors of more complex products such as tambjamineBODIPYs, were isolated too.&#xd;
Some of the most important properties of synthesized BODIPYs were also explored in this&#xd;
chapter. In addition to the photophysical properties, similar to those that characterizing this&#xd;
type of fluorophores; the spectroelectrochemical properties of two -aryl BODIPYs were also&#xd;
studied, study that revealed their redox activity and the differences due to the different&#xd;
electronic nature of the substituents on the fluorophores. Finally, the application of some of the&#xd;
BODIPY derivatives as anion transporters was explored and, besides, derivatives of this type&#xd;
were prepared and studied considering a special design focused on the construction of&#xd;
supramolecular polymers through supramolecular self-assembly processes.</subfield>
</datafield>
<datafield tag="024" ind2=" " ind1="8">
<subfield code="a">http://hdl.handle.net/10259/7800</subfield>
</datafield>
<datafield tag="024" ind2=" " ind1="8">
<subfield code="a">10.36443/10259/7800</subfield>
</datafield>
<datafield ind1=" " ind2=" " tag="653">
<subfield code="a">Dipirrometeno</subfield>
</datafield>
<datafield ind1=" " ind2=" " tag="653">
<subfield code="a">BODIPY</subfield>
</datafield>
<datafield ind1=" " ind2=" " tag="653">
<subfield code="a">Roseofilina</subfield>
</datafield>
<datafield ind1=" " ind2=" " tag="653">
<subfield code="a">Sistema poliheterocíclico</subfield>
</datafield>
<datafield ind1=" " ind2=" " tag="653">
<subfield code="a">Reacción de autocondensación</subfield>
</datafield>
<datafield ind1=" " ind2=" " tag="653">
<subfield code="a">Dipyrromethene</subfield>
</datafield>
<datafield ind1=" " ind2=" " tag="653">
<subfield code="a">Roseophilin</subfield>
</datafield>
<datafield ind1=" " ind2=" " tag="653">
<subfield code="a">Poliheterocyclic system</subfield>
</datafield>
<datafield ind1=" " ind2=" " tag="653">
<subfield code="a">Self-condensation reaction</subfield>
</datafield>
<datafield tag="245" ind1="0" ind2="0">
<subfield code="a">Síntesis y estudio de las propiedades de sistemas poliheterocíclicos conjugados y BODIPYs α-sustituidos</subfield>
</datafield>
</record></metadata></record></GetRecord></OAI-PMH>